All Fnaf Types - Statistics

General Stats
  • This quiz has been taken 107 times
  • The average score is 12 of 21
Answer Stats
Hint Answer % Correct
Fnaf 4 and Fanmade Nightmare
97%
Fnaf 2 and Fanmade Toy
95%
Fnaf 2 and Fanmade Withered
94%
Fnaf 3 and Fanmade Phantom
92%
Fnaf 4 Halloween edition and Fanmade Jack O'
85%
Fnaf Sister Location,Fnaf Freddy Fazbear's Pizzaria Simulator and Fanmade Funtime
83%
Fnaf Security Breach and Fanmade Glamrock
82%
Fnaf 2 and Fanmade Shadow
79%
Fnaf 3,Fnaf Fredbear's family dinner and Fanmade Spring
77%
Fnaf Freddy Fazbear's Pizzaria Simulator and Fanmade Rockstar
76%
Fnaf Freddy Fazbear's Pizzaria Simulator and Fanmade Scrap
68%
Fnaf 1 and Fanmade Normal
59%
Fnaf 1,Fnaf Fredbear's family diner and Fanmade Golden
50%
Fnaf 4, Fnaf Virtual Reality and Fanmade Plush
42%
Fnaf Virtual Reality and Fanmade Glitch
32%
Fnaf World and Fanmade Adventure
30%
Fnaf Freddy Fazbear's Pizzaria Simulator and Fanmade Trash
30%
Fnaf 1 and Fanmade Purple
9%
Fnaf Virtual Reality and Fanmade Drowned
6%
Everywhere Humans
5%
Everywhere Others
2%
No matching quizzes found
Score Distribution
Percent of People with Each Score
Percentile by Number Answered
Your Score History
You have not taken this quiz